La risa de la medusa / (Record no. 11727)

MARC details
000 -LEADER
campo de control de longitud fija 01271nam a22003495i 4500
001 - NÚMERO DE CONTROL
campo de control 11727
003 - IDENTIFICADOR DE NÚMERO DE CONTROL
campo de control ES-MaACL
005 - FECHA Y HORA DE LA ÚLTIMA TRANSACCIÓN
campo de control 20240606121243.0
007 - CAMPO FIJO DE DESCRIPCIÓN FÍSICA--INFORMACIÓN GENERAL
campo de control de longitud fija t|
008 - DATOS DE LONGITUD FIJA--INFORMACIÓN GENERAL
campo de control de longitud fija 951106s1995 sp ||||0| spa j
020 ## - NÚMERO INTERNACIONAL ESTÁNDAR DEL LIBRO
Número Internacional Estándar del Libro 84-7658-463-6
040 ## - FUENTE DE CATALOGACIÓN
Centro catalogador/agencia de origen M-BN
Lengua de catalogación spa
Centro/agencia transcriptor M-BN
080 ## - NÚMERO DE LA CLASIFICACIÓN DECIMAL UNIVERSAL
Número de la Clasificación Decimal Universal 159.922.1-055.2
080 ## - NÚMERO DE LA CLASIFICACIÓN DECIMAL UNIVERSAL
Número de la Clasificación Decimal Universal 82.08
080 ## - NÚMERO DE LA CLASIFICACIÓN DECIMAL UNIVERSAL
Número de la Clasificación Decimal Universal 159.954.433-055.2
100 1# - ENTRADA PRINCIPAL--NOMBRE DE PERSONA
Nombre de persona Cixous, Hélène.
9 (RLIN) 38965
245 13 - MENCIÓN DEL TÍTULO
Título La risa de la medusa /
Mención de responsabilidad, etc. Hélène Cixous ; prólogo y traducción de Ana María Moix ; traducción revisada por Myriam Díaz-Diocaretz.
250 ## - MENCION DE EDICION
Mención de edición 1ª ed.
260 ## - PUBLICACIÓN, DISTRIBUCIÓN, ETC.
Lugar de publicación, distribución, etc. Barcelona :
Nombre del editor, distribuidor, etc. Anthropos ;
Lugar de publicación, distribución, etc. [Madrid] :
Nombre del editor, distribuidor, etc. Dirección General de la Mujer,
Fecha de publicación, distribución, etc. 1995.
300 ## - DESCRIPCIÓN FÍSICA
Extensión 201 p ;
Dimensiones 20 cm.
490 1# - MENCIÓN DE SERIE
Mención de serie Pensamiento crítico/pensamiento utópico. Cultura y diferencia ;
Designación de volumen o secuencia 88
650 14 - PUNTO DE ACCESO ADICIONAL DE MATERIA--TÉRMINO DE MATERIA
Término de materia o nombre geográfico como elemento de entrada Mujeres-
Subdivisión general Psicología.
9 (RLIN) 15309
650 14 - PUNTO DE ACCESO ADICIONAL DE MATERIA--TÉRMINO DE MATERIA
Término de materia o nombre geográfico como elemento de entrada Creación literaria.
9 (RLIN) 11405
650 14 - PUNTO DE ACCESO ADICIONAL DE MATERIA--TÉRMINO DE MATERIA
Término de materia o nombre geográfico como elemento de entrada Mujeres-
Subdivisión general Creatividad.
9 (RLIN) 15262
700 1# - ENTRADA AGREGADA--NOMBRE PERSONAL
Nombre de persona Moix, Ana María,
Fechas asociadas al nombre 1947-
9 (RLIN) 81820
700 1# - ENTRADA AGREGADA--NOMBRE PERSONAL
Nombre de persona Díaz-Diocaretz, Myriam.
9 (RLIN) 44267
710 1# - ENTRADA AGREGADA--NOMBRE DE ENTIDAD CORPORATIVA
Nombre de entidad corporativa o nombre de jurisdicción como elemento de entrada España.
Unidad subordinada Dirección General de la Mujer.
9 (RLIN) 3748
830 0# - PUNTO DE ACCESO ADICIONAL DE SERIE-TÍTULO UNIFORME
Título uniforme Pensamiento crítico/pensamiento utópico. Cultura y diferencia ;
Designación de volumen o secuencia 88
9 (RLIN) 178901
852 ## - LOCALIZACIÓN
Ubicación ES-MaACL
Número de control de estantería L-19079
Sublocalización o colección R.123846
Holdings
Estatus retirado Estado de pérdida Estado de daño No para préstamo Biblioteca de origen Biblioteca actual Ubicación en estantería Fecha de adquisición Fuente de adquisición Total de préstamos Signatura topográfica completa Código de barras Visto por última vez Precio de reemplazo Tipo de ítem Koha
        Biblioteca del Ateneo de Madrid Biblioteca del Ateneo de Madrid Depósito 2 17/01/2008     L-19079 1011952 23/02/2023 23/02/2023 Libro impreso